[Event "Druzynowe Mistrzostwa Polski Juniorow - II Liga"]
[Site "Iwonicz"]
[Date "2016-07-31"]
[Round "11.42"]
[White "Lascar, Maria Elena"]
[Black "Hertlein, Irena"]
[Result "1/2-1/2"]
[WhiteTitle "I+"]
[BlackTitle "I"]
[WhiteElo "1475"]
[BlackElo "1488"]

1. d4 Nf6 2. Nc3 d5 3. Bf4 a6 4. h4 Bf5 5. f3 h5 6. e3 e6 7. Bd3 Bxd3 8. cxd3 Bd6
9. Nge2 Nc6 10. Qd2 Qd7 11. Bxd6 Qxd6 12. e4 dxe4 13. dxe4 O-O-O 14. O-O-O Qd7
15. Qf4 Qe7 16. Kb1 Na5 17. a3 Nc4 18. Ka2 Rd6 19. Rb1 Rb6 20. Na4 Rb5 21. Nec3
Ra5 22. Qc1 b5 23. b4 Rd8 24. Rd1 Rxa4 25. Nxa4 Nxa3 26. Qxa3 bxa4 27. Qxa4 Kb7
28. b5 axb5 29. Qxb5+ Kc8 30. Rdc1 Ne8 31. Qb7+ Kd7 32. Qc6+ Kc8 33. Rb3 Qd6 34.
Qxd6 Rxd6 35. Rd3 Ra6+ 36. Kb2 Rb6+ 37. Rb3 Rd6 38. Rd1 Ra6 39. f4 Nf6 40. Re1
Ra4 41. Rd3 Rb4+ 42. Ka3 Rb6 43. d5 exd5 44. exd5 Ra6+ 45. Kb3 Kd7 46. g3 Kd6
47. Re5 Nd7 48. Rc3 Nxe5 49. fxe5+ Kxe5 50. Rxc7 Kxd5 51. Rxf7 Rg6 52. Rf3 Ke4
53. Rc3 Kf5 54. Kc2 Kg4 55. Rc5 Kxg3 56. Rxh5 Kh3 57. Kd3 Rh6 58. Rg5 g6 59. Ke3
Kxh4 60. Kf4 Kh3 61. Ke4 1/2-1/2

[Event "Druzynowe Mistrzostwa Polski Juniorow - II Liga"]
[Site "Iwonicz"]
[Date "2016-07-31"]
[Round "11.43"]
[White "Guzik, Natalia"]
[Black "Klepek, Witold"]
[Result "0-1"]
[WhiteTitle "I++"]
[BlackTitle "k"]
[WhiteElo "1608"]
[BlackElo "2139"]

1. e4 c5 2. Nf3 Nc6 3. d4 cxd4 4. Nxd4 Nf6 5. Nc3 e6 6. Be3 Bb4 7. f3 O-O 8. Qd2
d5 9. O-O-O e5 10. exd5 Nxd4 11. Bxd4 exd4 12. Qxd4 Bxc3 13. Qxc3 Bf5 14. Qe5
Bg6 15. g4 Qa5 16. Kb1 Rac8 17. Bd3 Qc5 18. c3 Rfe8 19. Qg5 Nxd5 20. h4 h6 21.
Qd2 Ne3 22. Bxg6 Nxd1 23. Bxf7+ Kxf7 24. Rxd1 Rcd8 25. Qf4+ Kg8 26. Rxd8 Rxd8
27. Qe4 Qg1+ 28. Kc2 Qd1# 0-1

[Event "Druzynowe Mistrzostwa Polski Juniorow - II Liga"]
[Site "Iwonicz"]
[Date "2016-07-31"]
[Round "11.44"]
[White "Piela, Dominik"]
[Black "Bakalarczyk, Jakub"]
[Result "1-0"]
[WhiteTitle "I"]
[BlackTitle "I"]
[WhiteElo "1656"]
[BlackElo "1591"]

1. e4 e6 2. d3 d5 3. Nd2 c5 4. g3 g6 5. Bg2 Bg7 6. Qe2 Ne7 7. f4 b6 8. Ngf3 Bb7
9. O-O O-O 10. Kh1 Nbc6 11. Rd1 Qc7 12. c3 Rfd8 13. e5 b5 14. Nb3 c4 15. Nbd4
a6 16. g4 Bc8 17. Be3 Kh8 18. h4 Nxd4 19. Bxd4 cxd3 20. Rxd3 Nc6 21. Bc5 f6 22.
Bd4 fxe5 23. Bxe5 Nxe5 24. fxe5 Rf8 25. Rf1 Bd7 26. Ng5 Rxf1+ 27. Qxf1 Rf8 28.
Rf3 Qc8 29. Nf7+ Kg8 30. h5 Qe8 31. hxg6 hxg6 32. Ng5 Qe7 33. Rxf8+ Bxf8 34. Nf3
Qh7+ 35. Kg1 Bc5+ 36. Nd4 Qh4 37. Qf3 b4 38. Bf1 a5 39. Kg2 bxc3 40. bxc3 Bxd4
41. cxd4 Ba4 42. Bd3 Kg7 43. Bb1 Qg5 44. Kh3 Qh6+ 45. Kg3 Qg5 46. Qf4 Qxf4+ 47.
Kxf4 Be8 48. Kg5 Bf7 49. Bc2 Be8 50. Bd3 a4 51. a3 Bc6 52. Bxg6 Bb5 53. Bc2 Be8
54. Bd3 Bc6 55. Ba6 Bd7 56. Bb7 Kf7 57. Kh6 Bb5 58. Bc8 Bd3 59. g5 Bf5 60. Bd7
Bc2 61. Bb5 Kg8 62. Bd7 Kf7 63. g6+ Bxg6 64. Bxe6+ Kxe6 65. Kxg6 1-0

[Event "Druzynowe Mistrzostwa Polski Juniorow - II Liga"]
[Site "Iwonicz"]
[Date "2016-07-31"]
[Round "11.45"]
[White "Jagura, Norbert"]
[Black "Kozubek, Krystian"]
[Result "1/2-1/2"]
[WhiteTitle "II"]
[BlackTitle "II"]
[WhiteElo "1505"]
[BlackElo "1136"]

1. c4 e5 2. Nc3 g6 3. g3 c6 4. Bg2 Bg7 5. d3 d6 6. Nf3 f5 7. O-O Nf6 8. c5 Na6
9. cxd6 Qxd6 10. Nd2 Be6 11. b3 Nd5 12. Nc4 Qd7 13. Bb2 Nxc3 14. Bxc3 Bxc4 15.
bxc4 O-O 16. Rb1 Rab8 17. Qa4 Qc8 18. Rb2 Re8 19. Rc2 Re7 20. Bd2 Rc7 21. Rb1
b6 22. d4 h6 23. d5 Nc5 24. Qa3 cxd5 25. Bxd5+ Kh7 26. Bb4 Bf8 27. Qb2 Bg7 28.
Bxc5 Rxc5 29. Qa3 Qc7 30. Rd1 Bf8 31. Qd3 b5 32. Kf1 bxc4 33. Bxc4 Bg7 34. Bb3
e4 35. Rxc5 Qxc5 36. Qd6 Qb6 37. Qxb6 Rxb6 38. Rd8 h5 39. Rd7 Ra6 40. Ke1 Kh6
41. Rc7 Bd4 42. e3 Be5 43. Rc8 Rd6 44. Rc5 1/2-1/2

[Event "Druzynowe Mistrzostwa Polski Juniorow - II Liga"]
[Site "Iwonicz"]
[Date "2016-07-31"]
[Round "11.46"]
[White "Gradalski, Olaf"]
[Black "Wojtasik, Szymon"]
[Result "1-0"]
[WhiteTitle "II"]
[BlackTitle "II"]
[WhiteElo "1144"]
[BlackElo "1240"]

1. e4 c5 2. c3 d5 3. exd5 Qxd5 4. d4 Nc6 5. Nf3 cxd4 6. cxd4 e5 7. Nc3 Bb4 8. Bd2
Bxc3 9. Bxc3 e4 10. Ne5 Nxe5 11. dxe5 Ne7 12. Qe2 O-O 13. Rd1 Qxa2 14. Bb4 Qe6
15. Qxe4 Re8 16. Bb5 Nc6 17. O-O f5 18. Qh4 Kh8 19. Rfe1 Qf7 20. Rd6 Bd7 21. Qf4
Nxe5 22. Rxe5 Bxb5 23. Rxb5 Re4 24. Qd2 Qe8 25. Rxb7 Rc8 26. h3 Rec4 27. Bc3 Re4
28. Bxg7+ Kg8 29. Qd5+ Re6 30. Qxe6+ Qxe6 31. Rxe6 Rc1+ 32. Kh2 Rh1+ 33. Kxh1
a5 34. Re8# 1-0

[Event "Druzynowe Mistrzostwa Polski Juniorow - II Liga"]
[Site "Iwonicz"]
[Date "2016-07-31"]
[Round "11.47"]
[White "Bakalarczyk, Zuzanna"]
[Black "Gredka, Dominika"]
[Result "1-0"]
[WhiteTitle "I"]
[BlackTitle "I++"]
[WhiteElo "1312"]
[BlackElo "1687"]

1. e4 e5 2. Nf3 d6 3. d4 exd4 4. Nxd4 Nf6 5. Nc3 Be7 6. Be2 O-O 7. O-O Re8 8. Bf4
Bf8 9. f3 Nbd7 10. Qd2 Nc5 11. Rad1 Ne6 12. Be3 Nxd4 13. Qxd4 c6 14. Bf4 d5 15.
exd5 Nxd5 16. Bc4 Qa5 17. Kh1 Nxf4 18. Qxf4 Be6 19. a3 Rad8 20. Bxe6 Rxe6 21.
Qc1 Rde8 22. Rfe1 Qh5 23. Rxe6 Rxe6 24. Re1 Rh6 25. Qf4 g5 26. Qb8 Kg7 27. Qe5+
Kg6 28. Ne4 Bg7 29. Qd6+ f6 30. Qb8 Bf8 1-0

[Event "Druzynowe Mistrzostwa Polski Juniorow - II Liga"]
[Site "Iwonicz"]
[Date "2016-07-31"]
[Round "11.48"]
[White "Orlik, Sandra"]
[Black "Matyjasek, Michalina"]
[Result "1-0"]
[WhiteTitle "I"]
[BlackTitle "II"]
[WhiteElo "1519"]
[BlackElo "1199"]

1. d4 d5 2. Nf3 Nf6 3. e3 c5 4. b3 e6 5. Bd3 Nc6 6. Bb2 b6 7. O-O Bb7 8. Ne5 Bd6
9. f4 O-O 10. Nd2 Rc8 11. Qe2 Ne7 12. g3 Nd7 13. Qh5 Nf6 14. Qh3 Ne4 15. Bxe4
dxe4 16. Nec4 cxd4 17. Bxd4 Nf5 18. g4 Nxd4 19. exd4 Be7 20. c3 b5 21. Nb2 Ba3
22. Nd1 Be7 23. Re1 f5 24. Re2 Bd6 25. gxf5 exf5 26. Qg3 Re8 27. Rc1 Ba3 28. Rc2
Ba6 29. Rg2 Bf8 30. Ne3 Qf6 31. Qg5 Qxg5 32. Rxg5 Bd6 33. Nxf5 Bf8 34. Nh6+ Kh8
35. Nf7+ Kg8 36. Ne5 Bb7 37. Kf2 Be7 38. Rg1 Rf8 39. Ke3 h6 40. Rg6 Rf6 41. Nxe4
Rxg6 42. Nxg6 Re8 43. Ne5 Bf6 44. Nd6 Re7 45. Nxb7 Rxb7 46. c4 bxc4 47. bxc4 g5
48. fxg5 hxg5 49. Ke4 Kf8 50. Kf5 Ke7 51. c5 Rc7 52. d5 Bxe5 53. Kxe5 Kd7 54.
c6+ Kd8 55. d6 Rg7 56. c7+ Kc8 57. Rd2 Rd7 58. Ke6 1-0

[Event "Druzynowe Mistrzostwa Polski Juniorow - II Liga"]
[Site "Iwonicz"]
[Date "2016-07-31"]
[Round "11.49"]
[White "Zarnowski, Krzysztof"]
[Black "Domanski, Lukasz"]
[Result "1-0"]
[WhiteTitle "I++"]
[BlackTitle "I++"]
[WhiteElo "2034"]
[BlackElo "2001"]

1. d4 d5 2. c4 dxc4 3. Nf3 a6 4. e3 Bg4 5. Bxc4 e6 6. h3 Bh5 7. O-O Nf6 8. Nc3
Nc6 9. Be2 Bd6 10. e4 Bxf3 11. Bxf3 Nxd4 12. e5 Nxf3+ 13. Qxf3 Bxe5 14. Qxb7 O-O
15. Re1 Bxc3 16. bxc3 Nd5 17. c4 Nb6 18. Ba3 Re8 19. Rad1 Qc8 20. Qc6 Rb8 21.
Re4 Qb7 22. Qxb7 Rxb7 23. c5 Nd5 24. Rxd5 Rb1+ 25. Kh2 1-0

[Event "Druzynowe Mistrzostwa Polski Juniorow - II Liga"]
[Site "Iwonicz"]
[Date "2016-07-31"]
[Round "11.50"]
[White "Norek, Bartosz"]
[Black "Kozubal, Aleksandra"]
[Result "0-1"]
[WhiteTitle "II+"]
[BlackTitle "I++"]
[WhiteElo "1686"]
[BlackElo "1687"]

1. e4 c5 2. Nf3 e6 3. d4 cxd4 4. Nxd4 a6 5. Nc3 Qc7 6. g3 Nf6 7. Bg2 Be7 8. O-O
O-O 9. Re1 Nc6 10. Be3 d6 11. Qe2 Rb8 12. a4 Ne5 13. Rad1 Nc4 14. Bc1 Bd7 15.
f4 Rfc8 16. Kh1 Nb6 17. a5 Nc4 18. Nb3 Ne8 19. e5 Bc6 20. exd6 Bxg2+ 21. Kxg2
Nexd6 22. Kh3 Bf6 23. Qd3 Ne8 24. Ne4 Bxb2 25. Ng5 Nf6 26. f5 Bxc1 27. Rxc1 Rd8
28. Qf3 exf5 29. Qxf5 Rd5 0-1

[Event "Druzynowe Mistrzostwa Polski Juniorow - II Liga"]
[Site "Iwonicz"]
[Date "2016-07-31"]
[Round "11.51"]
[White "Bober, Tomasz"]
[Black "Norek, Maciej"]
[Result "0-1"]
[WhiteTitle "II"]
[BlackTitle "II"]
[WhiteElo "1210"]
[BlackElo "1200"]

1. d4 Nf6 2. c4 e6 3. a3 d6 4. Nc3 Nbd7 5. e4 c5 6. d5 b6 7. Be2 Ba6 8. f4 Qc7
9. Nf3 Be7 10. O-O O-O 11. Bd2 Rfe8 12. Re1 Bf8 13. Rc1 e5 14. f5 Rab8 15. a4
h6 16. Qc2 Nh7 17. Nb5 Bxb5 18. axb5 Rb7 19. h3 Ra8 20. b4 a5 21. bxa6 Rxa6 22.
b5 Ra8 23. Ra1 Rba7 24. Qb2 Nhf6 25. Bd3 Kh8 26. g4 Nh7 27. h4 Nb8 28. g5 Qd7
29. Bc3 g6 30. Rxa7 Rxa7 31. Nxe5 dxe5 32. Bxe5+ Kg8 33. Bxb8 Rb7 34. Bf4 hxg5
35. hxg5 Bg7 36. Qg2 Bd4+ 37. Be3 Be5 38. Ra1 Bxa1 39. Qg3 Bg7 40. f6 Bf8 41.
e5 Ra7 42. Bxg6 fxg6 43. e6 Qd8 44. Qe5 Bd6 45. f7+ Rxf7 46. exf7+ Kxf7 47. Qe6+
Kg7 48. Bd2 Nxg5 49. Qe3 Nf7 0-1

[Event "Druzynowe Mistrzostwa Polski Juniorow - II Liga"]
[Site "Iwonicz"]
[Date "2016-07-31"]
[Round "11.52"]
[White "Wielgus, Wojciech"]
[Black "Tomkiewicz, Szymon"]
[Result "1-0"]
[WhiteTitle "II"]
[BlackTitle "II"]
[WhiteElo "1118"]
[BlackElo "1268"]

1. e4 e5 2. f4 d6 3. Nf3 Nc6 4. Bc4 Nf6 5. d3 Be7 6. O-O O-O 7. Nc3 Bg4 8. Be3
exf4 9. Bxf4 Nd4 10. Be3 Nxf3+ 11. gxf3 Bh3 12. Rf2 Nh5 13. Kh1 Bh4 14. Rd2 Qf6
15. Qe2 Nf4 16. Bxf4 Qxf4 17. Nd5 Qe5 18. d4 Qh5 19. Rg1 Qh6 20. Bb3 c6 21. Ne3
Bg5 22. Rd3 Kh8 23. Ng4 Bxg4 24. Rxg4 Bf4 25. Qf2 Rae8 26. Rd1 Rd8 27. Rh4 Qf6
28. Rg4 c5 29. c3 b6 30. Rdg1 g6 31. Qh4 Qxh4 32. Rxh4 Kg7 33. Rxf4 Rd7 34. h4
Rfd8 35. Kg2 b5 36. Kf2 c4 37. Bc2 d5 38. e5 Re7 39. Rfg4 Rde8 40. Rh1 Kg8 41.
h5 1-0

[Event "Druzynowe Mistrzostwa Polski Juniorow - II Liga"]
[Site "Iwonicz"]
[Date "2016-07-31"]
[Round "11.53"]
[White "Jurkiewicz, Zuzanna"]
[Black "Hryn, Zofia"]
[Result "1-0"]
[WhiteTitle "I+"]
[BlackTitle "I"]
[WhiteElo "1657"]
[BlackElo "1531"]

1. Nf3 d5 2. d4 Nf6 3. g3 e6 4. Bg2 c5 5. e3 Nc6 6. O-O Qc7 7. Nc3 b6 8. Re1 Bb7
9. Ne2 Be7 10. c3 O-O 11. Qc2 Rac8 12. Bd2 Ne4 13. Rad1 Ba6 14. Nf4 cxd4 15. Nxd4
Nb4 16. Qb1 g5 17. Bxe4 dxe4 18. cxb4 gxf4 19. Qxe4 Bb7 20. Qxf4 Qxf4 21. exf4
Rc4 22. Bc3 Bxb4 23. Bxb4 Rxb4 24. b3 Rd8 25. Nc2 Rxd1 26. Rxd1 Re4 27. Ne3 a5
28. Rd8+ Kg7 29. Rb8 Bd5 30. Nxd5 exd5 31. Rxb6 Re2 32. a4 d4 33. Kf1 Rb2 34.
Rb5 d3 35. Ke1 Re2+ 36. Kd1 Rxf2 37. Rxa5 Rxh2 38. Rd5 Rh1+ 39. Kd2 Rh2+ 40. Kxd3
Rh3 41. Rg5+ Kf6 42. a5 h6 43. Rg8 h5 44. a6 h4 45. a7 hxg3 46. a8=Q g2+ 47. Ke4
Rh8 48. Qc6+ 1-0

[Event "Druzynowe Mistrzostwa Polski Juniorow - II Liga"]
[Site "Iwonicz"]
[Date "2016-07-31"]
[Round "11.54"]
[White "Hryn, Aleksandra"]
[Black "Mazurek, Maja"]
[Result "1-0"]
[WhiteTitle "I"]
[BlackTitle "II"]
[WhiteElo "1471"]
[BlackElo "1103"]

1. e4 e5 2. Nf3 d6 3. d4 f6 4. Nc3 Nc6 5. Be2 Bg4 6. Be3 Bd7 7. Qd2 f5 8. exf5
Bxf5 9. a3 Nf6 10. O-O-O Be7 11. h3 O-O 12. Rhg1 Qe8 13. g4 Be4 14. Ng5 Qg6 15.
f3 Bd5 16. dxe5 dxe5 17. Nxd5 Nxd5 18. Qxd5+ Kh8 19. h4 h6 20. Bd3 Qf6 21. Qe4
g6 22. Rh1 Kg7 23. Nh3 Rad8 24. Bxh6+ Kh8 25. Bxf8 Rxf8 26. Rdf1 Qg7 27. Ng5 Qf6
28. Qxg6 Qxg6 29. Bxg6 Kg8 30. Be4 Bxg5+ 31. hxg5 Rd8 32. Bxc6 bxc6 33. Rh6 c5
34. Re6 Rd5 35. Re1 e4 36. R1xe4 Rxg5 37. R4e5 Rg7 38. Re8+ Kh7 39. R8e7 Rxe7
40. Rxe7+ Kg6 41. Kd2 Kg5 42. Ke3 Kf6 43. Rxc7 a5 44. f4 a4 45. g5+ Kg6 46. Ke4
c4 47. Ke5 c3 48. f5+ Kxg5 49. bxc3 Kh6 50. f6 Kg6 51. Rg7+ Kh6 52. Rg1 Kh7 53.
f7 Kh6 54. f8=Q+ 1-0

[Event "Druzynowe Mistrzostwa Polski Juniorow - II Liga"]
[Site "Iwonicz"]
[Date "2016-07-31"]
[Round "11.55"]
[White "Pyka, Slawomir"]
[Black "Hladun, Bartlomiej"]
[Result "0-1"]
[WhiteTitle "I"]
[BlackTitle "II"]
[WhiteElo "1620"]
[BlackElo "1469"]

1. d4 d5 2. Nf3 e6 3. c4 c6 4. cxd5 exd5 5. Nc3 Bf5 6. Bf4 Nf6 7. e3 Bd6 8. Ne5
Qe7 9. Bd3 Bxd3 10. Nxd3 Nbd7 11. Bxd6 Qxd6 12. O-O O-O 13. Rc1 Rfe8 14. Qb3 Ng4
15. g3 Qh6 16. h4 Nxe3 17. fxe3 Qxe3+ 18. Kh2 Qxd3 19. Qxb7 Nf6 20. Kh3 Rab8 21.
Qxc6 Nh5 22. Qc7 Rb7 23. Rce1 Qxf1+ 0-1

[Event "Druzynowe Mistrzostwa Polski Juniorow - II Liga"]
[Site "Iwonicz"]
[Date "2016-07-31"]
[Round "11.57"]
[White "Gozdzicki, Maciej"]
[Black "Mackowiak, Filip"]
[Result "1-0"]
[WhiteTitle "II"]
[BlackTitle "II+"]
[WhiteElo "1514"]
[BlackElo "1428"]

1. d4 d5 2. c4 c6 3. Nf3 Nf6 4. Nc3 e6 5. Bg5 Nbd7 6. e3 Bd6 7. Be2 h6 8. Bh4 O-O
9. O-O dxc4 10. Bxc4 Nb6 11. Bd3 c5 12. dxc5 Bxc5 13. Qc2 Be7 14. Rfd1 Qc7 15.
Bg3 Bd6 16. Bh7+ Nxh7 17. Bxd6 Qc6 18. Bxf8 Nxf8 19. Rac1 Qe8 20. Ne4 e5 21. Nd6
Qe6 22. Nxc8 Rxc8 23. Qb1 Re8 24. b3 e4 25. Nd4 Qg4 26. Qc2 h5 27. Qc7 h4 28.
h3 Qg5 29. Qxb7 Ne6 30. Nxe6 Rxe6 31. Rc6 Qh5 32. Rd8+ Kh7 33. Rxe6 fxe6 34. Qxe4+
Qf5 35. Qxh4+ Kg6 36. Qg4+ Qxg4 37. hxg4 Kf7 38. a4 a5 39. Rb8 Nd5 40. Ra8 Ke7
41. Rxa5 g5 42. Rxd5 exd5 43. f4 gxf4 44. exf4 Kd6 45. g5 d4 46. Kf2 Ke6 47. a5
Kf5 48. a6 d3 49. Ke3 d2 50. Kxd2 Kxf4 51. a7 Kxg5 52. a8=Q Kf4 53. Qe8 Kf5 54.
Ke3 Kf6 55. Ke4 Kg5 56. Qf7 Kh6 57. Qg8 Kh5 58. Kf5 Kh6 59. Qg6# 1-0

[Event "Druzynowe Mistrzostwa Polski Juniorow - II Liga"]
[Site "Iwonicz"]
[Date "2016-07-31"]
[Round "11.58"]
[White "Sulima, Franciszek"]
[Black "Majdanski, Maksymilian"]
[Result "0-1"]
[WhiteTitle "II"]
[BlackTitle "II"]
[WhiteElo "1215"]
[BlackElo "1515"]

1. e4 c5 2. Nc3 Nc6 3. d3 g6 4. g3 Bg7 5. Bg2 d6 6. Be3 e6 7. f4 Nge7 8. Nf3 O-O
9. O-O Rb8 10. Qd2 b5 11. g4 b4 12. Nd1 a5 13. Nh4 f5 14. gxf5 exf5 15. e5 Be6
16. Qf2 c4 17. d4 Nd5 18. Nf3 Bh6 19. Nd2 Nxe3 20. Qxe3 dxe5 21. Bxc6 Bxf4 22.
Rxf4 Qg5+ 23. Kh1 Qxf4 24. Qxe5 Qxe5 25. dxe5 Rbc8 26. Bb5 Rc5 27. Ba6 Rxe5 28.
Bxc4 Bxc4 29. Nxc4 Re1+ 30. Kg2 Rd8 31. Nce3 Rd2+ 32. Kg3 g5 33. Nc4 Rdxd1 34.
Rxd1 Rxd1 35. Nxa5 Rd2 36. c4 bxc3 37. bxc3 Rd3+ 38. Kg2 Rxc3 39. a4 Ra3 40. Nc6
Kf7 41. a5 h5 42. h3 h4 43. Ne5+ Kf6 44. Nd7+ Ke7 45. Ne5 Ra2+ 46. Kf3 Ke6 47.
Nd3 Rxa5 0-1

[Event "Druzynowe Mistrzostwa Polski Juniorow - II Liga"]
[Site "Iwonicz"]
[Date "2016-07-31"]
[Round "11.59"]
[White "Krzywnicka, Maria"]
[Black "Filipska, Maja"]
[Result "1/2-1/2"]
[WhiteTitle "I+"]
[BlackTitle "I+"]
[WhiteElo "1685"]
[BlackElo "1406"]

1. e4 c6 2. d4 d5 3. Nc3 dxe4 4. Nxe4 Bf5 5. Ng3 Bg6 6. h4 h6 7. h5 Bh7 8. Nf3
Nd7 9. Bd3 Bxd3 10. Qxd3 Qc7 11. Bd2 O-O-O 12. O-O-O Ngf6 13. Qe2 e6 14. Kb1 Bd6
15. Ne4 Nxe4 16. Qxe4 Nf6 17. Qh4 Kb8 18. c4 c5 19. Be3 Ka8 20. b3 Be7 21. Qh3
Ne4 22. Rc1 Qa5 23. Qg4 Nc3+ 24. Kb2 cxd4 25. Bxd4 Ba3+ 26. Kc2 Bxc1 27. Bxc3
Qxa2+ 28. Kxc1 Qxb3 29. Qxg7 Qxc4 30. Kb2 Qb5+ 31. Kc2 Qa4+ 32. Kb2 Qb5+ 33. Kc2
Qa4+ 34. Kb2 Qb5+ 35. Kc2 Qa4+ 1/2-1/2

[Event "Druzynowe Mistrzostwa Polski Juniorow - II Liga"]
[Site "Iwonicz"]
[Date "2016-07-31"]
[Round "11.60"]
[White "Wyrzykowska, Aleksandra"]
[Black "Partyka, Justyna"]
[Result "1-0"]
[WhiteTitle "I"]
[BlackTitle "II"]
[WhiteElo "1251"]
[BlackElo "1150"]

1. e4 e6 2. d4 d5 3. exd5 exd5 4. c4 Bb4+ 5. Nc3 Nf6 6. a3 Bxc3+ 7. bxc3 O-O 8.
Be3 Nbd7 9. Nf3 Ne4 10. Qb3 Ndf6 11. Bd3 dxc4 12. Bxc4 Qe7 13. O-O b6 14. Ne5
Bb7 15. Bf4 c5 16. Rfe1 cxd4 17. cxd4 Nh5 18. f3 Nxf4 19. fxe4 Rad8 20. Rad1 Ne6
21. Nf3 Ng5 22. Nxg5 Qxg5 23. Qa4 Qa5 24. Qxa5 bxa5 25. d5 Rfe8 26. Rb1 Bc8 27.
Rb8 Bd7 28. Rb7 a6 29. Bxa6 Bf5 30. Bd3 Rxd5 31. Bc4 Rd7 32. Rb5 Bxe4 33. Rxe4
Rd1+ 34. Bf1 Red8 35. Rbe5 f5 36. Re8+ Rxe8 37. Rxe8+ Kf7 38. Re5 Rd6 1-0

[Event "Druzynowe Mistrzostwa Polski Juniorow - II Liga"]
[Site "Iwonicz"]
[Date "2016-07-31"]
[Round "11.61"]
[White "Mrozowski, Patryk"]
[Black "Tokarz, Krzysztof"]
[Result "1/2-1/2"]
[WhiteTitle "I++"]
[BlackTitle "II+"]
[WhiteElo "1901"]
[BlackElo "1637"]

1. e4 e6 2. d4 d5 3. e5 c5 4. c3 Nc6 5. Nf3 Qb6 6. a3 Bd7 7. b4 cxd4 8. cxd4 Rc8
9. Bb2 Na5 10. Bd3 Nc4 11. Bc3 a5 12. bxa5 Nxa5 13. O-O Nh6 14. Ra2 Nc4 15. Qc2
g6 16. Bxc4 Rxc4 17. Nbd2 Rc8 18. Rc1 Be7 19. Qb2 Qxb2 20. Bxb2 O-O 21. Nb3 Bb5
22. Raa1 Bc4 23. Nbd2 b5 24. Bc3 Ra8 25. Bb4 Bxb4 26. axb4 Nf5 27. g4 Ne7 28.
Ne1 Nc6 29. Nxc4 dxc4 30. Nc2 Rfd8 31. Kf1 Kf8 32. Ke2 Rxa1 33. Rxa1 Nxd4+ 34.
Nxd4 Rxd4 35. f3 c3 36. Rc1 Rxb4 37. Rxc3 Rb2+ 38. Ke3 b4 39. Rc8+ Kg7 40. h4
Rb1 41. Rb8 b3 42. Kf2 b2 43. Kg2 h6 44. Kh2 Rf1 45. Rxb2 Rxf3 46. Re2 h5 47.
g5 Rf5 48. Kg3 Kf8 49. Re4 Ke7 50. Re3 Kd7 51. Rd3+ Kc7 52. Ra3 Kb6 53. Rb3+ Kc6
54. Rc3+ Kd5 55. Rc7 Kxe5 56. Rd7 Ke4 57. Rd6 e5 58. Rd7 Ke3 59. Rd6 e4 60. Rd7
Rf3+ 61. Kg2 Ke2 62. Ra7 Kd3 63. Ra3+ Ke2 64. Ra7 Kd2 65. Ra2+ Ke3 66. Ra7 Kf4
67. Rxf7+ Kg4 68. Rg7 e3 69. Rxg6 Rf2+ 70. Kg1 Kxh4 71. Re6 Rf3 72. g6 Rg3+ 73.
Kh2 1/2-1/2

[Event "Druzynowe Mistrzostwa Polski Juniorow - II Liga"]
[Site "Iwonicz"]
[Date "2016-07-31"]
[Round "11.62"]
[White "Szczuraszyk, Jaroslaw"]
[Black "Drabek, Jan"]
[Result "1-0"]
[WhiteTitle "II"]
[BlackTitle "I"]
[WhiteElo "1643"]
[BlackElo "1727"]

1. d4 d5 2. c4 e6 3. Nc3 Nf6 4. Bg5 Be7 5. e3 O-O 6. Nf3 Nbd7 7. Bd3 c5 8. cxd5
Nxd5 9. Bxe7 Nxe7 10. O-O cxd4 11. Nxd4 Nf6 12. Rc1 Ned5 13. Nxd5 Qxd5 14. Bc4
Qg5 15. Nf3 Qh5 16. Nd4 Qg5 17. Nf3 Qh5 18. Nd4 Qg5 19. Qb3 e5 20. Nf3 Qh5 21.
Qb5 Re8 22. Rfe1 a6 23. Qb6 e4 24. Nd4 Ng4 25. h3 Ne5 26. Be2 Qg5 27. Kh2 Qh4
28. Rf1 Nd3 29. Bxd3 exd3 30. Qd6 Rd8 31. Qg3 Qxg3+ 32. Kxg3 Be6 33. b3 Rac8 34.
Rxc8 Rxc8 35. Rd1 Rc3 36. Kf3 Kf8 37. e4 Ke7 38. Ke3 Kf6 39. Nxe6 Kxe6 40. Rxd3
Rc2 41. Rd2 Rc3+ 42. Kd4 Rc8 43. f4 Rd8+ 44. Ke3 Rc8 45. Kd4 Rd8+ 46. Kc3 Rc8+
47. Kb2 Rc7 48. Rd4 Kf6 49. Rd6+ Ke7 50. Rd5 Ke6 51. g4 h6 52. h4 Ke7 53. g5 hxg5
54. hxg5 g6 55. Rd4 Ke6 56. Rc4 Rd7 57. Kc2 f6 58. gxf6 Kxf6 59. Kc3 Rd1 60. Rd4
Rc1+ 61. Kd3 Ke6 62. Rb4 b5 63. a4 Rc5 64. Rd4 Rh5 65. axb5 axb5 66. Kc3 Rh3+
67. Rd3 Rh1 68. Rf3 Re1 69. f5+ gxf5 70. exf5+ Kf6 71. Kb4 Re5 72. Ka5 Rd5 73.
b4 Re5 74. Kb6 Rd5 75. Kc6 Re5 76. Rf1 Ke7 77. f6+ Kf7 78. Rf2 Rh5 79. Rf1 Re5
80. Rf4 Rh5 81. Rd4 Kxf6 82. Rd5 Rxd5 83. Kxd5 Ke7 84. Kc6 Kd8 85. Kxb5 Kc7 86.
Ka6 Kb8 87. b5 Ka8 88. b6 Kb8 89. b7 1-0

[Event "Druzynowe Mistrzostwa Polski Juniorow - II Liga"]
[Site "Iwonicz"]
[Date "2016-07-31"]
[Round "11.63"]
[White "Jaszczuk, Mateusz"]
[Black "Mazurek, Bartosz"]
[Result "1/2-1/2"]
[WhiteTitle "II"]
[BlackTitle "II"]
[WhiteElo "1337"]
[BlackElo "1462"]

1. c4 c5 2. Nc3 Nc6 3. g3 g6 4. Bg2 Bg7 5. d3 e6 6. Nf3 Nge7 7. O-O O-O 8. Rb1
d5 9. cxd5 exd5 10. Bf4 b6 11. Qc1 Bb7 12. Nb5 Qd7 13. a4 Rac8 14. Nd6 Rcd8 15.
Ng5 Nd4 16. Re1 f6 17. Bh3 f5 18. e3 Nb3 19. Qd1 Na5 20. e4 dxe4 21. dxe4 Bc6
22. exf5 Bxa4 23. Qe2 gxf5 24. Qxe7 Qxe7 25. Rxe7 Bf6 26. Ree1 Bxg5 27. Bxg5 Rxd6
28. Be7 Rdf6 29. Bxf6 Rxf6 30. Re7 Nc6 31. Re8+ Kg7 32. b3 Bb5 33. Bf1 Bxf1 34.
Kxf1 Kg6 35. Rc8 Nd4 36. b4 cxb4 37. Rxb4 Nc6 38. Rc4 Ne5 39. R4c7 a5 40. Ra7
Rd6 41. Ra6 h6 42. Rc1 Kg5 43. Ra1 Nc4 44. Ra4 Rc6 45. h3 Kh5 46. Ra2 1/2-1/2

[Event "Druzynowe Mistrzostwa Polski Juniorow - II Liga"]
[Site "Iwonicz"]
[Date "2016-07-31"]
[Round "11.64"]
[White "Kebel, Bartosz"]
[Black "Gazda, Dominik"]
[Result "1/2-1/2"]
[WhiteTitle "II"]
[BlackTitle "II"]
[WhiteElo "1308"]
[BlackElo "1223"]

1. d4 d5 2. c4 e6 3. Nc3 Nf6 4. Bg5 Nbd7 5. e3 Be7 6. Nf3 h6 7. Bf4 b6 8. cxd5
exd5 9. Bd3 Bb7 10. O-O O-O 11. Qc2 c5 12. Rfe1 Re8 13. Rad1 Qc7 14. Bg3 Qc8 15.
Bf1 a6 16. a4 cxd4 17. Nxd4 Ne4 18. Nxe4 dxe4 19. Qxc8 Raxc8 20. Nf5 Nc5 21. Nxe7+
Rxe7 22. Rd4 Rd7 23. Rxd7 Nxd7 24. b3 Nc5 25. Bc4 Nxa4 26. Bxa6 Bxa6 27. bxa4
Ra8 28. Rb1 Bd3 29. Rxb6 Rxa4 30. h3 Ra6 31. Rb7 1/2-1/2

[Event "Druzynowe Mistrzostwa Polski Juniorow - II Liga"]
[Site "Iwonicz"]
[Date "2016-07-31"]
[Round "11.65"]
[White "Winter, Anna"]
[Black "Paluch, Kornelia"]
[Result "1-0"]
[WhiteTitle "I"]
[BlackTitle "I"]
[WhiteElo "1374"]
[BlackElo "1188"]

1. e4 c5 2. Nf3 d6 3. d4 cxd4 4. Nxd4 Nf6 5. Nc3 a6 6. Be2 b5 7. Bf3 Ra7 8. Be3
Rc7 9. Nb3 Nbd7 10. O-O Rxc3 11. bxc3 Bb7 12. Re1 Bxe4 13. Bxe4 Nxe4 14. Qd4 Nec5
15. Rad1 Qc7 16. Nxc5 Nxc5 17. Qd5 Ne6 18. Qa8+ Qd8 19. Qxa6 Qd7 20. Qa8+ Qd8
21. Qxd8+ Kxd8 22. Rb1 g6 23. Bd4 Rg8 24. Rxb5 Kc7 25. Reb1 h5 26. a4 Nxd4 27.
cxd4 f5 28. a5 Bg7 29. c3 Ra8 30. g3 Bf6 31. R1b4 Kc6 32. d5+ Kc7 33. c4 Bg5 34.
Kf1 Bf6 35. Ke2 h4 36. Kd3 hxg3 37. hxg3 g5 38. Rb7+ Kc8 39. R4b6 g4 40. Rb3 Bg5
41. a6 e5 42. a7 e4+ 43. Ke2 f4 44. Rb8+ Rxb8 45. axb8=Q+ Kd7 46. Rb7# 1-0

[Event "Druzynowe Mistrzostwa Polski Juniorow - II Liga"]
[Site "Iwonicz"]
[Date "2016-07-31"]
[Round "11.66"]
[White "Scisla, Oliwia"]
[Black "Uliasz, Katarzyna"]
[Result "1/2-1/2"]
[WhiteTitle "I"]
[BlackTitle "II+"]
[WhiteElo "1148"]
[BlackElo "1097"]

1. e4 d5 2. exd5 Qxd5 3. Nc3 Qd6 4. d4 c6 5. g3 Nf6 6. Bf4 Qb4 7. Rb1 Bf5 8. a3
Qb6 9. Bg2 e6 10. Nf3 Nbd7 11. O-O Nd5 12. Nxd5 cxd5 13. Nh4 Bg6 14. Re1 Be7 15.
Nxg6 hxg6 16. c3 g5 17. Bd2 O-O-O 18. Bxd5 exd5 19. Rxe7 Qf6 20. Re3 Qf5 21. Qf1
Qh3 22. Qxh3 Rxh3 23. g4 Rh4 24. h3 Rdh8 25. Kg2 f6 26. Rbe1 R8h7 27. Rc1 Nb6
28. c4 dxc4 29. b3 f5 30. bxc4 fxg4 31. hxg4 Rxg4+ 32. Rg3 Rxd4 33. c5 Nd7 34.
Bxg5 Rd5 35. c6 bxc6 36. Rxc6+ Kb7 37. Rc4 Nb6 38. Rc2 Rb5 39. Bd8 Rd5 40. Bg5
Rb5 41. Bf4 Ra5 42. Rc7+ Ka6 43. Bd2 Nc4 44. Rg6+ Kb5 45. Rb7+ Nb6 46. Bb4 Ka6
47. Rbxg7 Rxg7 1/2-1/2